Famous Pseudonyms - Statistics

General Stats
  • This quiz has been taken 61 times
  • The average score is 44 of 117
Answer Stats
Birth Name Hint Famous Name % Correct
Tracy Marrow Body Count; L&O Ice-T
82%
Reginald Kenneth Dwight Rocket Man Elton John
80%
Andrew Warhola Soup Cans Andy Warhol
78%
Marshall Bruce Mathers III Slim Shady Eminem
78%
Farrokh Bulsara Queen Freddie Mercury
78%
Thomas Cruise Mapother IV Top Gun Tom Cruise
78%
Joaquín Rafael Bottom Joker Joaquin Phoenix
73%
Carlos Irwin Estévez Two and a Half Men Charlie Sheen
71%
Norma Jeane Mortenson Gentlemen Prefer Blondes Marilyn Monroe
69%
Curtis Jackson III In da Club 50 Cent
65%
Stefani Joanne Angelina Germanotta Poker Face Lady Gaga
65%
Edda van Heemstra Hepburn-Ruston Breakfast at Tiffany's Audrey Hepburn
64%
Jennifer Linn Anastassakis Rachel Greene Jennifer Aniston
64%
George O'Dowd Karma Chameleon Boy George
62%
Paul David Hewson Achtung Baby Bono
60%
Nicolas Kim Coppola National Treasure Nicolas Cage
60%
Caryn Johnson Sister Act Whoopi Goldberg
60%
Cherilyn Sarkisian I Got You Babe Cher
58%
Samuel Langhorne Clemens Huckleberry Finn Mark Twain
58%
Robert Allen Zimmerman Mr. Tambourine Man Bob Dylan
56%
Demetria Gene Guynes G.I. Jane Demi Moore
56%
Theodor Geisel The Cat in the Hat Dr. Seuss
56%
Edson Arantes do Nascimento Brazilian football Pele
56%
Stanley Martin Lieber Marvel Comics Stan Lee
56%
Edward Teach Pirate Blackbeard
55%
Jean Claude van Vaerenbergh Bloodsport Jean-Claude Van Damme
55%
Stanley Burrell U Can't Touch This MC Hammer
55%
William West Anderson Batman Adam West
53%
Erik Weisz Escape artist Harry Houdini
53%
Archibald Leach North by Northwest Cary Grant
51%
Frances Gumm Dorothy Gale Judy Garland
51%
Sealhenry Samuel Kiss from a Rose Seal
51%
Antony Hawksworth Skateboarding Tony Hawk
51%
Margaret Hyra When Harry Met Sally Meg Ryan
49%
Richard Starkey Octopus's Garden Ringo Starr
49%
Peter Gene Hernandez Locked Out of Heaven Bruno Mars
47%
Johann "Hans" Hölzel Rock Me Amadeus Falco
47%
Gordon Matthew Thomas Sumner Desert Rose Sting
47%
Shawn Carter Empire State of Mind Jay-Z
45%
Ella Marija Lani Yelich-O'Connor Royals Lorde
45%
Alphonso Joseph D’Abruzzo M*A*S*H Alan Alda
44%
Ernest Evans The Twist Chubby Checker
44%
Jonathan Stuart Leibowitz The Daily Show Jon Stewart
44%
Marvin Lee Aday Bat Out of Hell Meatloaf
44%
Alecia Beth Moore Get the Party Started Pink
42%
Saul Hudson Sweet Child o' Mine Slash
42%
Calvin Cordozar Broadus, Jr. Gin & Juice Snoop Dogg
42%
Krishna Pandit Bhanji Gandhi Ben Kingsley
40%
Neta-Lee Hershlag Padmé Amidala Natalie Portman
40%
Ralph Lifshitz Polo Ralph Lauren
40%
Charles Raymond Offenberg Georgia on My Mind Ray Charles
40%
Melanie Chisholm Wannabe Sporty Spice
40%
Stevland Hardaway Judkins Isn't She Lovely? Stevie Wonder
40%
Antonio Iadanza Who's the Boss? Tony Danza
40%
Mark Sinclair Fast & Furious Vin Diesel
40%
David Kotkin Illusionist David Copperfield
38%
Henry John Deutschendorf Jr. Rocky Mountain High John Denver
38%
Onika Tanya Maraj Super Bass Nicki Minaj
38%
Alisa Zinov'yevna Rosenbaum The Fountainhead Ayn Rand
36%
Charles Lutwidge Dodgson Jabberwocky Lewis Carroll
36%
Marguerite Annie Johnson I Know Why the Caged Bird Sings Maya Angelou
36%
Paul Reubens Playhouse; Big Adventure Pee Wee Herman
36%
Christopher Sarantakos Mindfreak Criss Angel
35%
O’Shea Jackson Straight Outta Compton Ice Cube
35%
John Roger Stephens All of Me John Legend
35%
Benjamin Haggerty Thrift Shop Macklemore
35%
François Duvalier Former president of Haiti Papa Doc
35%
Anthony Dominick Benedetto I Left My ♥ in San Francisco Tony Bennett
35%
Robert Van Winkle Collaborate and listen Vanilla Ice
35%
Mary Ann Evans Middlemarch George Eliot
33%
Kenneth Gorelick Saxophone elevator music Kenny G
33%
Terry Bollea Wrestlemania Hulk Hogan
31%
Eric Marlon Bishop Django Unchained Jamie Foxx
31%
Louis Szekely Shameless comedian Louis CK
31%
Vincent Damon Furnier No More Mr. Nice Guy Alice Cooper
29%
Andrew Clay Silverstein The Diceman Andrew Dice Clay
29%
Maurice Joseph Micklewhite Get Carter Michael Caine
29%
Belcalis Almanzar Bodak Yellow Cardi B
27%
Concetta Franconero Who's Sorry Now? Connie Francis
27%
André Romelle Brown "Nuthin' but a 'G' Thang Dr. Dre
27%
Ilyena Lydia Mironoff Prime Suspect Helen Mirren
27%
Hugh Cregg III I Want a New Drug Huey Lewis
27%
Jiles Perry "J.P." Richardson Jr. Chantilly Lace Big Bopper
25%
Henry McCarty Horse thief, gambler, outlaw Billy the Kid
25%
Vera Mindy Chokalingam Kelly Kapoor Mindy Kaling
25%
Chaim Witz Detroit Rock City Gene Simmons
24%
Daniel Handler Unfortunate Events Lemony Snicket
24%
Howard Allen Frances O'Brien Interview with a Vampire Anne Rice
22%
Declan Patrick MacManus Oliver's Army Elvis Costello
22%
Brian Hugh Warner Antichrist Superstar Marilyn Manson
22%
Armando Pérez Timber Pitbull
20%
Phoebe Moses Sharpshooter Annie Oakley
18%
Ramón Ayala-Rodríguez Despacito Daddy Yankee
18%
Quentin Leo Cook The Rockafeller Skank Fatboy Slim
18%
Tramar Dillard Low Flo Rida
16%
Yiannis Chryssomallis Live at the Acropolis Yanni
16%
Robert Ritchie Cowboy; All Summer Long Kid Rock
15%
Daniel Lawrence Whitney Git-R-Done! Larry the Cable Guy
15%
Scott Thompson Prop comedy Carrot Top
13%
Amala Ratna Zandile Dlamini Say So Doja Cat
13%
Mario Armando Lavandeira Jr. Celebrity news blog Perez Hilton
13%
Cameron Jibril Thomaz See You Again Wiz Khalifa
13%
Stanley Robert Vintula, Jr. Blue Velvet Bobby Vinton
11%
Nathan Birnbaum Oh God! George Burns
11%
Betty Joan Perske Key Largo Lauren Bacall
11%
Melissa Jefferson Good as Hell Lizzo
11%
George Kelly Barnes Memphis gangster/bootlegger Machine Gun Kelly
9%
Ahmir Khalib Thompson Roots Questlove
9%
Adam Spiegel Directing John Malkovich Spike Jonze
9%
Ashley Frangipane Him & I Halsey
7%
James Osterberg, Jr. Godfather of punk Iggy Pop
7%
McKinley Morganfield Chicago blues Muddy Waters
7%
Dana Elaine Owens All Hail the Queen Queen Latifah
7%
Christopher Brian Bridges What's Your Fantasy Ludacris
5%
Richard Melville Hall South Side; Go Moby
4%
William Drayton Yeah, boyeeeeee! Flavor Flav
0%
Milton Supman White Fang; slapstick Soupy Sales
0%
No matching quizzes found
Score Distribution
Percent of People with Each Score
Percentile by Number Answered
Your Score History
You have not taken this quiz